000 00477nam a2200193 a 4500
001 1758431004861
003 ACL
005 20250921103456.0
008 250921s2006##################000#0#eng##
020 _a9780007241651
082 0 4 _a793.74
_bSAM
100 1 _aGames, The Times Mind,
_eauthor.
245 1 0 _aSamurai Su Doku :
260 _bHarperCollins UK,
_c2006.
300 _a32 pages
650 0 _aGames & Activities.
942 _cENGLISH
040 _aACL
_beng
_cACL
999 _c588444
_d588444